[Event "AUT-chT2W 2122"]
[Site "Austria"]
[Date "2022.06.03"]
[Round "6.6"]
[White "Kruckenhauser, Arthur"]
[Black "Riediger, Martin"]
[Result "1/2-1/2"]
[WhiteElo "2235"]
[BlackElo "2185"]
[PlyCount "116"]
[EventDate "2021.10.15"]
[EventType "team-tourn"]
[EventRounds "11"]
[EventCountry "AUT"]
[SourceTitle "EXT 2023"]
[Source "ChessBase"]
[SourceDate "2022.10.05"]
[SourceVersion "1"]
[SourceVersionDate "2022.10.05"]
[SourceQuality "1"]
[WhiteTeam "Schach ohne Grenzen"]
[BlackTeam "Ranshofen"]
[WhiteTeamCountry "AUT"]
[BlackTeamCountry "AUT"]

1. e4 e6 2. d4 d5 3. Nd2 dxe4 4. Nxe4 Nd7 5. g3 Ngf6 6. Nxf6+ Nxf6 7. Bg2 Bd6 8. Nf3 0-0 9. 0-0 c6 10. Qe2 Qc7 11. b3 b6 12. Bb2 Bb7 13. c4 c5 14. d5 exd5 15. Bxf6 gxf6 16. Nh4 Rfe8 17. Qg4+ Kh8 18. Bxd5 Bxd5 19. cxd5 Bf8 20. Qf3 Qe5 21. Kg2 Qe4 22. Qxe4 Rxe4 23. Rfe1 Rd4 24. Rad1 Rd8 25. Nf5 R4xd5 26. Rxd5 Rxd5 27. g4 Rd8 28. h4 b5 29. Kf3 Rd3+ 30. Re3 Rd8 31. Ke4 Kg8 32. Rd3 Re8+ 33. Kf4 Rc8 34. Ke4 Re8+ 35. Kf3 Rc8 36. Ke2 c4 37. bxc4 bxc4 38. Rc3 Bb4 39. Rc2 c3 40. Ne3 Rd8 41. a3 Bxa3 42. Rxc3 Bf8 43. Rc6 a5 44. Ra6 Bb4 45. Kf3 Bd2 46. Nf5 Bc3 47. Ng3 Be5 48. Ne4 Rd3+ 49. Ke2 Rd4 50. Ke3 Ra4 51. f4 Ra3+ 52. Ke2 Ra2+ 53. Kd3 Ra3+ 54. Kc2 Re3 55. fxe5 Rxe4 56. exf6 h5 57. gxh5 Rxh4 58. Rxa5 Rf4 1/2-1/2

[Event "AUT-chT2W 2021"]
[Site "Austria"]
[Date "2020.10.10"]
[Round "2.1"]
[White "Riediger, Martin"]
[Black "Stajner, Samo"]
[Result "0-1"]
[WhiteElo "2198"]
[BlackElo "2349"]
[PlyCount "84"]
[EventDate "2020.10.09"]
[EventType "team-tourn"]
[EventRounds "11"]
[EventCountry "AUT"]
[SourceTitle "CBM 199 Extra"]
[Source "ChessBase"]
[SourceDate "2021.01.31"]
[SourceVersion "1"]
[SourceVersionDate "2021.01.31"]
[SourceQuality "1"]
[WhiteTeam "Ranshofen"]
[BlackTeam "Schwarzach"]
[WhiteTeamCountry "AUT"]
[BlackTeamCountry "AUT"]

1. d3 g6 2. e4 Bg7 3. f4 d6 4. Nf3 c5 5. Be2 Nc6 6. 0-0 e6 7. c3 Nge7 8. Be3 0-0 9. Na3 b6 10. d4 d5 11. e5 c4 12. b3 cxb3 13. axb3 a5 14. Bf2 Ba6 15. Bxa6 Rxa6 16. Bh4 Qd7 17. Qd3 Rfa8 18. Bxe7 Nxe7 19. Nb5 Bf8 20. Ra4 Nf5 21. g4 Ne3 22. Qxe3 Qxb5 23. c4 Qd7 24. Rc1 b5 25. cxb5 Qxb5 26. Raa1 Rb8 27. Nd2 Bb4 28. Nf3 Be7 29. Rc3 a4 30. bxa4 Rxa4 31. Rxa4 Qxa4 32. Qc1 Kg7 33. f5 exf5 34. gxf5 gxf5 35. Rc7 Qa2 36. Rc2 Qb3 37. Kg2 Qd3 38. Rc7 Rb3 39. Qf4 Qe2+ 40. Kg3 Rxf3+ 41. Qxf3 Bh4+ 42. Kf4 Qd2+ 0-1

[Event "Landesliga Sued 1819"]
[Site "Bayern"]
[Date "2019.03.24"]
[Round "8.1"]
[White "Schuster, Karsten"]
[Black "Riediger, Martin"]
[Result "1-0"]
[WhiteElo "2292"]
[BlackElo "2184"]
[PlyCount "99"]
[EventDate "2018.10.21"]
[EventType "team-tourn"]
[EventRounds "9"]
[EventCountry "GER"]
[SourceTitle "EXT 2022"]
[Source "ChessBase"]
[SourceDate "2021.10.06"]
[SourceVersion "1"]
[SourceVersionDate "2021.10.06"]
[SourceQuality "1"]
[WhiteTeam "Groebenzell"]
[BlackTeam "Rottal Inn"]
[WhiteTeamCountry "GER"]
[BlackTeamCountry "GER"]

1. d4 d6 2. c4 e5 3. d5 f5 4. e4 Nf6 5. exf5 Bxf5 6. Nc3 Na6 7. Nge2 Nc5 8. Ng3 Qd7 9. b4 Na6 10. Nxf5 Qxf5 11. Qa4+ Qd7 12. Qxd7+ Kxd7 13. a3 Be7 14. Bd3 g6 15. 0-0 c6 16. dxc6+ bxc6 17. c5 Nc7 18. cxd6 Bxd6 19. b5 cxb5 20. Nxb5 Bc5 21. Be3 Bxe3 22. fxe3 Ncd5 23. e4 Nf4 24. g3 Nxd3 25. Rxf6 Ke7 26. Raf1 Rhf8 27. Rxf8 Rxf8 28. Rxf8 Kxf8 29. Nxa7 Nc5 30. Nc6 Nxe4 31. Nxe5 Nc5 32. Kf2 Ke7 33. Ke3 Kf6 34. Nd3 Nb3 35. Nf2 Ke5 36. Kd3 Kd5 37. Ne4 h5 38. Nd2 Na5 39. a4 Nc6 40. Kc3 g5 41. Nf3 g4 42. Nd2 Nd4 43. Kd3 Nc6 44. Ke3 Ke5 45. Nb3 Kd5 46. Nc1 Ke5 47. Nd3+ Kf5 48. Nf4 Kg5 49. Ke4 Na5 50. Kd5 1-0

[Event "AUT-chT2W 1819"]
[Site "Austria"]
[Date "2019.03.08"]
[Round "9.6"]
[White "Riediger, Martin"]
[Black "Froewis, Georg"]
[Result "0-1"]
[WhiteElo "2276"]
[BlackElo "2421"]
[PlyCount "60"]
[EventDate "2018.10.12"]
[EventType "team-tourn"]
[EventRounds "11"]
[EventCountry "AUT"]
[SourceTitle "CBM 189 Extra"]
[Source "ChessBase"]
[SourceDate "2019.06.03"]
[SourceVersion "1"]
[SourceVersionDate "2019.06.03"]
[SourceQuality "1"]
[WhiteTeam "Ranshofen"]
[BlackTeam "Hohenems II"]
[WhiteTeamCountry "AUT"]
[BlackTeamCountry "AUT"]

1. e4 e6 2. d4 d5 3. Nc3 Bb4 4. e5 c5 5. a3 Bxc3+ 6. bxc3 Ne7 7. a4 Qa5 8. Qd2 b6 9. Nf3 Ba6 10. c4 Qxd2+ 11. Bxd2 dxc4 12. dxc5 bxc5 13. Bg5 Nbc6 14. Be3 Nb4 15. Rc1 Rc8 16. Nd2 Ned5 17. Bxc4 Nxe3 18. fxe3 Bb7 19. c3 Nc6 20. Nf3 Ke7 21. 0-0 Na5 22. Be2 h6 23. Rfd1 Bd5 24. c4 Bc6 25. Rd3 Rhd8 26. Nd2 Rxd3 27. Bxd3 Rb8 28. Rc3 Rb4 29. Bc2 Rb2 30. Kf1 Ra2 0-1

[Event "Landesliga Sued 1819"]
[Site "Bayern"]
[Date "2018.11.11"]
[Round "2.1"]
[White "Nuber, Korbinian"]
[Black "Riediger, Martin"]
[Result "1/2-1/2"]
[WhiteElo "2226"]
[BlackElo "2184"]
[PlyCount "135"]
[EventDate "2018.10.21"]
[EventType "team-tourn"]
[EventRounds "9"]
[EventCountry "GER"]
[SourceTitle "EXT 2022"]
[Source "ChessBase"]
[SourceDate "2021.10.06"]
[SourceVersion "1"]
[SourceVersionDate "2021.10.06"]
[SourceQuality "1"]
[WhiteTeam "Dillingen"]
[BlackTeam "Rottal Inn"]
[WhiteTeamCountry "GER"]
[BlackTeamCountry "GER"]

1. e4 e5 2. Nf3 Nc6 3. Bb5 a6 4. Bxc6 dxc6 5. 0-0 f6 6. d4 exd4 7. Nxd4 c5 8. Ne2 Qxd1 9. Rxd1 Bd7 10. Be3 0-0-0 11. Nf4 Nh6 12. f3 Nf7 13. Nc3 Ne5 14. Nd3 Nxd3 15. Rxd3 c4 16. Rdd1 Bd6 17. Nd5 Be6 18. Nf4 Bf7 19. g3 Be5 20. c3 Bxf4 21. Bxf4 Rd3 22. Kf2 Rhd8 23. Ke2 a5 24. Be3 b6 25. Rd2 Be6 26. g4 Bd7 27. Rxd3 cxd3+ 28. Kd2 Be6 29. b3 Kb7 30. c4 a4 31. Rc1 axb3 32. axb3 c5 33. Rc3 Kc6 34. Rxd3 Rxd3+ 35. Kxd3 b5 36. Bc1 bxc4+ 37. bxc4 Kd6 38. Bb2 Bd7 39. h3 Ba4 40. f4 Ke6 41. f5+ Ke7 42. g5 Bd1 43. h4 Bg4 44. Ke3 Bd1 45. e5 fxe5 46. Ke4 Kf7 47. Kxe5 Bg4 48. Bc3 g6 49. fxg6+ hxg6 50. Kd6 Ke8 51. Bf6 Be2 52. Kxc5 Kd7 53. Be5 Bf3 54. Kb6 Be2 55. c5 Bf3 56. Bh2 Kc8 57. c6 Bd1 58. Kc5 Bh5 59. Kd5 Bf3+ 60. Kd6 Bd1 61. Ke6 Bf3 62. Kf7 Bh5 63. Kf6 Kd8 64. c7+ Kd7 65. Bg3 Kc8 66. Ke6 Bg4+ 67. Ke7 Bd1 68. Be5 1/2-1/2

[Event "Landesliga Sued 1819"]
[Site "Bayern"]
[Date "2018.10.21"]
[Round "1.1"]
[White "Parashchenko, Oleg"]
[Black "Riediger, Martin"]
[Result "0-1"]
[WhiteElo "2156"]
[BlackElo "2184"]
[PlyCount "170"]
[EventDate "2018.10.21"]
[EventType "team-tourn"]
[EventRounds "9"]
[EventCountry "GER"]
[SourceTitle "EXT 2022"]
[Source "ChessBase"]
[SourceDate "2021.10.06"]
[SourceVersion "1"]
[SourceVersionDate "2021.10.06"]
[SourceQuality "1"]
[WhiteTeam "Freising SK"]
[BlackTeam "Rottal Inn"]
[WhiteTeamCountry "GER"]
[BlackTeamCountry "GER"]

1. e4 e5 2. Nf3 Nc6 3. Bb5 a6 4. Ba4 Nf6 5. 0-0 Be7 6. Re1 b5 7. Bb3 d6 8. c3 0-0 9. h3 Na5 10. Bc2 c5 11. d4 Qc7 12. Nbd2 Bd7 13. Nf1 Nc4 14. b3 Nb6 15. Ne3 c4 16. Ba3 Rfe8 17. Qd2 Bf8 18. Rad1 a5 19. Nf5 Bxf5 20. exf5 e4 21. Ng5 d5 22. Bxf8 Rxf8 23. f3 cxb3 24. axb3 exf3 25. Nxf3 Rfc8 26. Re3 b4 27. Qe1 bxc3 28. Ng5 Re8 29. Qxc3 Qxc3 30. Rxc3 Rac8 31. Rxc8 Rxc8 32. Rd2 Rc3 33. Re2 Nc8 34. Nf3 Nd6 35. Ne5 h5 36. Nf3 Nfe4 37. Bxe4 dxe4 38. Ng5 Rxb3 39. Nxe4 Nxf5 40. Ra2 Nxd4 41. Rxa5 g6 42. Ng5 Rb1+ 43. Kf2 Rb2+ 44. Kg1 Ne2+ 45. Kh2 Nd4 46. Kg1 Rb7 47. Ra4 Ne6 48. Nxe6 fxe6 49. g4 hxg4 50. Rxg4 Kf7 51. Kg2 e5 52. Ra4 Kf6 53. Ra8 Kf5 54. Rf8+ Ke4 55. Rf6 g5 56. Rg6 Kf5 57. Rg8 e4 58. Kf2 Rb2+ 59. Kg3 Rb3+ 60. Kg2 Kf4 61. Rf8+ Ke3 62. Re8 Rb5 63. Kf1 Kf3 64. Rf8+ Kg3 65. Re8 Kf4 66. Rf8+ Rf5 67. Re8 Kf3 68. Re7 Ke3+ 69. Kg2 Kd3 70. Rd7+ Ke2 71. Ra7 Rd5 72. Ra2+ Rd2 73. Ra5 e3 74. Rxg5 Kd3+ 75. Kf3 Rf2+ 76. Kg3 Rf1 77. Ra5 e2 78. Ra3+ Kc4 79. Ra4+ Kb5 80. Re4 e1Q+ 81. Rxe1 Rxe1 82. Kg4 Kc5 83. h4 Kd5 84. Kf5 Rh1 85. Kg5 Ke6 0-1

[Event "AUT-chT2W 1718"]
[Site "Austria"]
[Date "2018.03.09"]
[Round "9.6"]
[White "Riediger, Martin"]
[Black "Froewis, Georg"]
[Result "0-1"]
[WhiteElo "2288"]
[BlackElo "2434"]
[PlyCount "54"]
[EventDate "2017.10.13"]
[EventType "team-tourn"]
[EventRounds "11"]
[EventCountry "AUT"]
[SourceTitle "EXT 2019"]
[Source "ChessBase"]
[SourceDate "2018.10.10"]
[SourceVersion "1"]
[SourceVersionDate "2018.10.10"]
[SourceQuality "1"]
[WhiteTeam "Ranshofen"]
[BlackTeam "Hohenems II"]
[WhiteTeamCountry "AUT"]
[BlackTeamCountry "AUT"]

1. d4 d5 2. c4 e6 3. Nc3 c6 4. cxd5 exd5 5. Qc2 g6 6. Bf4 Bf5 7. Qd2 Nf6 8. e3 Nh5 9. Be5 f6 10. Bg3 Nd7 11. Bd3 Nxg3 12. hxg3 Bxd3 13. Qxd3 f5 14. Nge2 Bd6 15. Nf4 Qf6 16. Rc1 0-0 17. Qd1 Qf7 18. Nd3 Rae8 19. Rc2 Nf6 20. Re2 Ne4 21. Rh3 g5 22. Nxe4 fxe4 23. Nc5 b6 24. Na4 Re6 25. Rc2 Rf6 26. Qh5 Rxf2 27. Qxg5+ Kh8 0-1

[Event "Landesliga Sued 1718"]
[Site "Bayern"]
[Date "2017.11.12"]
[Round "2.1"]
[White "Eckerl, Uwe"]
[Black "Riediger, Martin"]
[Result "0-1"]
[WhiteElo "2103"]
[BlackElo "2221"]
[PlyCount "102"]
[EventDate "2017.10.22"]
[EventType "team-tourn"]
[EventRounds "9"]
[EventCountry "GER"]
[SourceTitle "EXT 2022"]
[Source "ChessBase"]
[SourceDate "2021.10.06"]
[SourceVersion "1"]
[SourceVersionDate "2021.10.06"]
[SourceQuality "1"]
[WhiteTeam "Roehrnbach"]
[BlackTeam "Rottal Inn"]
[WhiteTeamCountry "GER"]
[BlackTeamCountry "GER"]

1. e4 e5 2. Nf3 Nc6 3. d4 exd4 4. Nxd4 Nf6 5. Nxc6 bxc6 6. e5 Qe7 7. Qe2 Nd5 8. c4 Nb6 9. Nc3 a5 10. h4 Ba6 11. Qe4 Qb4 12. a3 Qe7 13. Bd3 Qe6 14. b3 a4 15. Ne2 axb3 16. Nf4 Qe7 17. 0-0 Bxc4 18. Bxc4 Ra4 19. Qd3 Nxc4 20. Qxb3 Nb6 21. h5 Qxe5 22. Be3 Rxf4 23. Bxf4 Qxf4 24. a4 Be7 25. a5 Nc8 26. g3 Qg5 27. Qd3 Qd5 28. Qe2 0-0 29. a6 Bc5 30. h6 Qg5 31. Qd3 g6 32. Qc3 f6 33. Rfe1 d6 34. Kg2 Qd5+ 35. Qf3 Qxf3+ 36. Kxf3 Kf7 37. Reb1 Bb6 38. Rc1 Na7 39. Re1 d5 40. Re2 Re8 41. Rae1 Rxe2 42. Rxe2 Nb5 43. Kg4 c5 44. f4 c4 45. Rb2 c3 46. Rxb5 c2 47. Rxb6 cxb6 48. a7 c1Q 49. a8Q Qd1+ 50. Kh3 Qh1+ 51. Kg4 Qh5# 0-1

[Event "Pfarrkirchen Rottal op 1st"]
[Site "Pfarrkirchen"]
[Date "2017.04.17"]
[Round "6"]
[White "Haba, Petr"]
[Black "Riediger, Martin"]
[Result "1/2-1/2"]
[WhiteElo "2458"]
[BlackElo "2280"]
[PlyCount "43"]
[EventDate "2017.04.14"]
[EventType "swiss"]
[EventRounds "7"]
[EventCountry "GER"]
[SourceTitle "CBM 177 Extra"]
[Source "ChessBase"]
[SourceDate "2017.04.27"]
[SourceVersion "1"]
[SourceVersionDate "2017.04.27"]
[SourceQuality "1"]

1. d4 d5 2. c4 c6 3. Nf3 Nf6 4. Nc3 g6 5. cxd5 cxd5 6. Bf4 a6 7. h3 Bg7 8. e3 Nc6 9. Be2 0-0 10. 0-0 Bf5 11. Rc1 Ne4 12. Na4 Bd7 13. Qb3 b5 14. Nc5 Nxc5 15. Rxc5 e6 16. Bd6 Re8 17. Ne5 Nxe5 18. dxe5 f6 19. Bc7 Qe7 20. Bd6 Qd8 21. Bc7 Qe7 22. Bd6 1/2-1/2

[Event "Pfarrkirchen Rottal op 1st"]
[Site "Pfarrkirchen"]
[Date "2017.04.16"]
[Round "4"]
[White "Kleibel, Uwe"]
[Black "Riediger, Martin"]
[Result "1/2-1/2"]
[WhiteElo "2181"]
[BlackElo "2280"]
[PlyCount "58"]
[EventDate "2017.04.14"]
[EventType "swiss"]
[EventRounds "7"]
[EventCountry "GER"]
[SourceTitle "CBM 177 Extra"]
[Source "ChessBase"]
[SourceDate "2017.04.27"]
[SourceVersion "1"]
[SourceVersionDate "2017.04.27"]
[SourceQuality "1"]

1. e4 e5 2. Nf3 Nc6 3. Bc4 Bc5 4. 0-0 Nf6 5. d3 0-0 6. h3 h6 7. Re1 Re8 8. c3 Bf8 9. Bb3 d6 10. Nbd2 Be6 11. Nf1 d5 12. Qe2 d4 13. c4 Nd7 14. Ba4 Ncb8 15. Nxe5 Nxe5 16. Bxe8 Qxe8 17. f4 Nec6 18. Nh2 Na6 19. f5 Bd7 20. Ng4 Kh7 21. Bxh6 Bxf5 22. exf5 Qxe2 23. Rxe2 gxh6 24. Nf6+ Kh8 25. Rae1 Nc5 26. Re8 Rxe8 27. Rxe8 Kg7 28. Nh5+ Kg8 29. Nf6+ Kg7 1/2-1/2

[Event "Pfarrkirchen Rottal op 1st"]
[Site "Pfarrkirchen"]
[Date "2017.04.16"]
[Round "5"]
[White "Riediger, Martin"]
[Black "Hehn, Hartmut"]
[Result "1-0"]
[WhiteElo "2280"]
[BlackElo "2022"]
[PlyCount "57"]
[EventDate "2017.04.14"]
[EventType "swiss"]
[EventRounds "7"]
[EventCountry "GER"]
[SourceTitle "CBM 177 Extra"]
[Source "ChessBase"]
[SourceDate "2017.04.27"]
[SourceVersion "1"]
[SourceVersionDate "2017.04.27"]
[SourceQuality "1"]

1. c4 g6 2. g3 Bg7 3. Nc3 d6 4. Bg2 e5 5. e4 Nc6 6. Nge2 Be6 7. Nd5 Qd7 8. d3 Nce7 9. h4 h5 10. d4 exd4 11. Nxd4 Bxd5 12. cxd5 c5 13. dxc6 bxc6 14. 0-0 Nf6 15. Bg5 0-0 16. e5 Nfd5 17. exd6 Qxd6 18. Bxe7 Nxe7 19. Nxc6 Qf6 20. Nxe7+ Qxe7 21. Bxa8 Rxa8 22. Rb1 Rd8 23. Qc2 Bd4 24. Rbd1 Qe5 25. Kh2 Rb8 26. b3 Qf6 27. Qe4 Bc5 28. Rd5 Rb4 29. Qe5 1-0

[Event "AUT-chT2W 1617"]
[Site "Austria"]
[Date "2017.03.03"]
[Round "9.2"]
[White "Riediger, Martin"]
[Black "Lehner, Oliver"]
[Result "0-1"]
[WhiteElo "2288"]
[BlackElo "2407"]
[PlyCount "66"]
[EventDate "2016.10.28"]
[EventType "team-tourn"]
[EventRounds "11"]
[EventCountry "AUT"]
[SourceTitle "CBM 177 Extra"]
[Source "ChessBase"]
[SourceDate "2017.04.27"]
[SourceVersion "1"]
[SourceVersionDate "2017.04.27"]
[SourceQuality "1"]
[WhiteTeam "Ranshofen"]
[BlackTeam "Jenbach II"]
[WhiteTeamCountry "AUT"]
[BlackTeamCountry "AUT"]

1. d4 Nf6 2. c4 g6 3. Nc3 Bg7 4. e4 d6 5. Nf3 0-0 6. Be2 e5 7. d5 a5 8. Bg5 h6 9. Bh4 Na6 10. Nd2 Qe8 11. Qa4 Bd7 12. Qxa5 b6 13. Qa3 Nc5 14. Qb4 Nh5 15. 0-0 Nf4 16. Rfe1 f5 17. f3 Nfd3 18. Bxd3 Nxd3 19. Qb3 Nxe1 20. Rxe1 h5 21. Nb5 Bxb5 22. cxb5 Bh6 23. Nc4 fxe4 24. fxe4 Qf7 25. Bg3 Qf6 26. Ne3 Bf4 27. Bxf4 Qxf4 28. Nd1 Rf7 29. a4 Raf8 30. Qd3 Kg7 31. Qe2 h4 32. b4 Qc1 33. h3 Qa3 0-1

[Event "Landesliga Sued 1617"]
[Site "Bayern"]
[Date "2016.12.04"]
[Round "3.1"]
[White "Riediger, Martin"]
[Black "Havlik, Jan"]
[Result "1-0"]
[WhiteElo "2229"]
[BlackElo "2323"]
[PlyCount "87"]
[EventDate "2016.10.16"]
[EventType "team-tourn"]
[EventRounds "9"]
[EventCountry "GER"]
[SourceTitle "EXT 2019"]
[Source "ChessBase"]
[SourceDate "2018.10.10"]
[SourceVersion "1"]
[SourceVersionDate "2018.10.10"]
[SourceQuality "1"]
[WhiteTeam "Rottal"]
[BlackTeam "Roehrnbach"]
[WhiteTeamCountry "GER"]
[BlackTeamCountry "GER"]

1. e4 c5 2. Nf3 Nc6 3. d3 g6 4. g3 Bg7 5. Bg2 d6 6. Nbd2 e6 7. 0-0 Nge7 8. Re1 0-0 9. a4 h6 10. c3 e5 11. Nc4 Be6 12. Nfd2 f5 13. exf5 Bxf5 14. Qe2 d5 15. Ne3 Be6 16. h4 Qd7 17. h5 Rae8 18. Nef1 gxh5 19. Qxh5 Bg4 20. Qh4 Bf5 21. Nf3 Bxd3 22. Bxh6 Nf5 23. Qg4 Rf7 24. Bxg7 Rxg7 25. Qh5 e4 26. N3d2 Rf8 27. Rad1 Ne5 28. Nxe4 dxe4 29. Rxe4 Ng6 30. Rg4 Ne5 31. Re4 Nc6 32. Ne3 Nce7 33. Re5 Qc7 34. Rxe7 Nxe7 35. Rxd3 Rh7 36. Qg4+ Kh8 37. Rd7 Qe5 38. Be4 Rg8 39. Qf3 Rh3 40. Ng4 Qe6 41. Qf6+ Qxf6 42. Nxf6 Rf8 43. Nh7 Re8 44. Ng5 1-0

[Event "Landesliga Sued 1617"]
[Site "Bayern"]
[Date "2016.10.16"]
[Round "1.1"]
[White "Riediger, Martin"]
[Black "Gregor, Jiri"]
[Result "1/2-1/2"]
[WhiteElo "2229"]
[BlackElo "2164"]
[PlyCount "34"]
[EventDate "2016.10.16"]
[EventType "team-tourn"]
[EventRounds "9"]
[EventCountry "GER"]
[SourceTitle "EXT 2019"]
[Source "ChessBase"]
[SourceDate "2018.10.10"]
[SourceVersion "1"]
[SourceVersionDate "2018.10.10"]
[SourceQuality "1"]
[WhiteTeam "Rottal"]
[BlackTeam "Freising"]
[WhiteTeamCountry "GER"]
[BlackTeamCountry "GER"]

1. c4 c5 2. g3 Nf6 3. Nc3 d5 4. cxd5 Nxd5 5. Nf3 Nc6 6. Nxd5 Qxd5 7. Bg2 e5 8. d3 Be7 9. 0-0 Qd8 10. Be3 Bd7 11. Qb3 0-0 12. Qxb7 Rb8 13. Qa6 Rxb2 14. Qa3 Rb4 15. Qc1 Nd4 16. Bxd4 exd4 17. Ne5 Ba4 1/2-1/2